សិក្សាអំពីជំរកធម្មជាតិ និង ចំណីអាហារដែលត្រូវចិញ្ចឹមក្នុង សួនសត្វភ្នំតាម៉ៅ (Record no. 3087)

000 -LEADER
fixed length control field 00585nam a22001577a 4500
003 - CONTROL NUMBER IDENTIFIER
control field OSt
005 - DATE AND TIME OF LATEST TRANSACTION
control field 20151104091000.0
008 - FIXED-LENGTH DATA ELEMENTS--GENERAL INFORMATION
fixed length control field 151104b xxu||||| |||| 00| 0 eng d
040 ## - CATALOGING SOURCE
Transcribing agency RUA
082 ## - DEWEY DECIMAL CLASSIFICATION NUMBER
Classification number FOR ជា 1995 B120 Or.1
100 ## - MAIN ENTRY--PERSONAL NAME
9 (RLIN) 3308
Personal name ជាំ ង៉ែត
245 ## - TITLE STATEMENT
Title សិក្សាអំពីជំរកធម្មជាតិ និង ចំណីអាហារដែលត្រូវចិញ្ចឹមក្នុង សួនសត្វភ្នំតាម៉ៅ
260 ## - PUBLICATION, DISTRIBUTION, ETC. (IMPRINT)
Place of publication, distribution, etc. Phnom Penh
Name of publisher, distributor, etc. RUA
Date of publication, distribution, etc. 1995
300 ## - PHYSICAL DESCRIPTION
Extent 83p.
Other physical details ill.
Dimensions 29cm.
942 ## - ADDED ENTRY ELEMENTS (KOHA)
Source of classification or shelving scheme
Koha item type FOR
Holdings
Price effective from Date last seen Permanent Location Not for loan Date acquired Source of classification or shelving scheme Koha item type Lost status Withdrawn status Date last checked out Total Checkouts Shelving location Damaged status Barcode Current Location Full call number
2015-11-042015-11-04Library Block B 2015-11-04 FOR    B121 RUA010560Library Block BFOR ជា 1995 B121 Or.1
2015-11-042015-11-04Library Block B 2015-11-04 FOR    B121 RUA027724Library Block BFOR ជា 1995 B121 Or.2
2015-11-042015-11-04Library Block B 2015-11-04 FOR    B121 RUA027613Library Block BFOR ជា 1995 B121 Or.3
2015-11-042015-11-04Library Block B 2015-11-04 FOR    B121 RUA027514Library Block BFOR ជា 1995 B121 Or.4
2015-11-042018-03-07Library Block B 2015-11-04 FOR  2018-03-061B121 RUA027796Library Block BFOR ជា 1995 B121 Or.5
មជ្ឈមណ្ឌលឯការនៃសាកលវិទ្យាល័យភូមិន្ទកសិកម្មចំការដូង

Powered by Koha